1273 1843 1522 1884 1079 1379 1746 1984 1169 1677 1462 1686 1366 1189 1929 1231 1328 1258 1075 1163 1318 1104 1882 1339 1600 1056 1493 1853 1303 1416 1045 1434 1722 1224 1836 1951 1932 1217 1142 1863 1573 1803 1661 1926 1698 1196 1990 1116 1324 1507 1729 1312 1512 1472 1085 1396 1253 1725 1855 1879 1992 1296 1707 1692 1754 1190 1656 1142 1032 1823 1950 1777 1417 1117 1151 1825 1072 1123 1534 1811 1012 1771 1504 1838 1527 1654 1879 1680 1932 1568 1794 1225 1514 1646 1162 1336 1457 1845 1019 BCNSPRNW ULIB Ver.6.0+V

เปลี่ยนเป็นภาษาไทย

Change to English
 แสดงรายละเอียดบรรณานุกรม
  กลับหน้าหลัก

Brief Record : Get Marc (ISO 2709) : E-mail record : QR code < ปิดหน้าต่าง
LEADER : 00000nam 2200000uu 4500
001    13399127312
003     ULIB
008    200415s2562||||th 000 0 tha d
020    ^a9786168212233
060 04 ^aWY160^bก492
245 00 ^aการพยาบาลจิตเวช:แนวทางการปฏิบัติ /^cเนตดา วงศ์ทองมานะ, บรรณาธิการ
250    ู^aพิมพ์ครั้งที่ 1
260    ^aกรุงเทพ :^bหน่วยวิจัยและงานวิชาการ สถาบันการพยาบาลศรีสวรินทิรา สภากาชาดไทย,^c2562
300    ^aก-ช, 280 หน้า ;^c26 ซม.
505 0  ^aบทที่ 1 การพยาบาลเด็กที่มีภาวะบกพร่องทางสติปัญญา --บทที่ 2 กาพยาบาลเด็กที่มีภาวะออทิซึมสเปกตรัม --บทที่ 3 การพยาบาลบุคคลที่มีความผิดปกติของการกิน --บทที่ 4การพยาบาลบุคคลที่มีบุคลิกภาพผิดปกติ --บทที่ 5 การพยาบาลบุคคลที่มีกลุ่มโรควิตกกังวล กลุ่มโรคย้ำคิดย้ำทำ และกลุ่มโรคความผิดปกติทางจิตใจภายหลังจากเผชิญเหตุการณ์สะเทือนใจ --บทที่ 6 การพยาบาลบุคคลที่มีอารมณ์โกรธและพฤติกรรมก้าวร้าว --บทที่ 7 การพยาบาลบุคคลที่เป็นโรคจิตเภทและโรคจิตอื่น ๆ --บทที่ 8 การพยาบาลบุคคลที่มีความผิดปกติทางการคิดรู้ --ดัชนี --Index
650  2 ^aPsychiatric Nursing
650  2 ^aการพยาบาลจิตเวชศาสตร์
700 0  ^aเนตดา วงศ์ทองมานะ,^eบรรณาธิการ
710 2  ^aสถาบันการพยาบาลศรีสวรินทิรา สภากาชาดไทย. ^bหน่วยวิจัยและงานวิชาการ.
945    ^p250^l0^i28129
945    ^p250^l0^i28130
945    ^p250^l0^i28131
945    ^p250^l0^i28132
945    ^p250^l0^i28133
999    ^aกัณชพร จุลอักษร
รายการนี้ยังไม่มีแท็ก
คุณยังไม่ได้ล็อกอิน คุณสามารถมีกิจกรรมร่วมกับเว็บไซต์ได้ แต่ต้องล็อกอินก่อน ::
  ล็อกอิน

รายการสื่อสารสนเทศ

ลำดับที่ ประเภท เลขเรียก/บาร์โค้ด สถานที่ สถานะ
1. หนังสือสำรอง
หนังสือสำรอง
WY160 ก492 ฉ.1 
  Barcode: 28129
ห้องสมุดวิทยาเขตนครสวรรค์
►หนังสือทั่วไป:l:General Books
บนชั้น
2. วิทยาศาสตร์การแพทย์ และสุขภาพ
วิทยาศาสตร์การแพทย์ และสุขภาพ
WY160 ก492 ฉ.2 
  Barcode: 28130
ห้องสมุดวิทยาเขตนครสวรรค์
►หนังสือทั่วไป:l:General Books
บนชั้น
3. วิทยาศาสตร์การแพทย์ และสุขภาพ
วิทยาศาสตร์การแพทย์ และสุขภาพ
WY160 ก492 ฉ.3 
  Barcode: 28131
ห้องสมุดวิทยาเขตนครสวรรค์
►หนังสือทั่วไป:l:General Books
บนชั้น
4. วิทยาศาสตร์การแพทย์ และสุขภาพ
วิทยาศาสตร์การแพทย์ และสุขภาพ
WY160 ก492 ฉ.4 
  Barcode: 28132
ห้องสมุดวิทยาเขตนครสวรรค์
►หนังสือทั่วไป:l:General Books
บนชั้น
5. วิทยาศาสตร์การแพทย์ และสุขภาพ
วิทยาศาสตร์การแพทย์ และสุขภาพ
WY160 ก492 ฉ.5 
  Barcode: 28133
ห้องสมุดวิทยาเขตนครสวรรค์
►หนังสือทั่วไป:l:General Books
บนชั้น

รายการใกล้เคียง
    หัวเรื่อง [Psychiatric Nursing]
    หัวเรื่อง [การพยาบาลจิตเวชศาสตร์]

BibComment


ยังไม่เคยถูกคอมเมนท์

คอมเมนท์ทรัพยากรรายการนี้
  คอมเมนท์: การพยาบาลจิตเวชแ..


 Copyright 2026. Bcnsprnw @Library